| 000 | 00582 a2200217 4500 | ||
|---|---|---|---|
| 020 | _a0-393-97083-3 | ||
| 020 | _a0-393-97121-X | ||
| 040 |
_aDLC _bDLC |
||
| 082 | _a519.5 | ||
| 082 | _a519.5 | ||
| 100 | 1 | _aFreedman, David | |
| 245 | 0 | 0 |
_aStatistics _cDavid Freedman, Robert Pisani, Roger Purves |
| 250 | _a3. ed. | ||
| 260 |
_aNew York : _bNorton, _ccop. 1998 |
||
| 300 |
_axviii, 578, 123 s. : _bill. ; _c27 cm |
||
| 650 | 0 | _aMathematical statistics | |
| 650 | 0 | _aMatematisk Statistik | |
| 700 | 1 | _aPisani, Robert | |
| 700 | 1 | _aPurves, Roger | |
| 942 |
_cBK _k519.5 FRE _2ddc |
||
| 999 |
_c7683 _d7683 |
||